书目信息 |
| 题名: |
全国名校外国语学院二外日语考研真题详解
|
|
| 作者: | ;圣才考研网 主编 | |
| 分册: | ||
| 出版信息: | 北京 中国石化出版社 2019 |
|
| 页数: | 240页 | |
| 开本: | 26cm | |
| 丛书名: | ||
| 单 册: | ||
| 中图分类: | H360.421-44 , H360.421 | |
| 科图分类: | ||
| 主题词: | 日语--硕士生入学考试--题解 | |
| 电子资源: | ||
| ISBN: | 978-7-5114-5139-2 | |
| 000 | 00991nam0 2200253 450 | |
| 001 | 2363583503 | |
| 005 | 20231214174008.20 | |
| 010 | @a978-7-5114-5139-2@dCNY 68.00 | |
| 100 | @a20190816d2019 em y0chiy0120 ea | |
| 101 | 0 | @achi |
| 102 | @aCN@b110000 | |
| 105 | @ay zq 000yy | |
| 200 | 1 | @a全国名校外国语学院二外日语考研真题详解@Aquan guo ming xiao wai guo yu xue yuan er wai ri yu kao yan zhen ti xiang jie@b专著@f圣才考研网主编 |
| 205 | @a8版 | |
| 210 | @a北京@c中国石化出版社@d2019 | |
| 215 | @a240页@d26cm | |
| 300 | @a考研专业课辅导系列 | |
| 330 | @a本书是详解全国名校外国语专业考研科目“二外日语”历年真题的复习资料。全书根据众多院校“二外日语”试题的结构和难易程度,从全国14所院校“二外日语”历年试题中挑选了28套历年试题,并提供了详细的参考答案及解析。 | |
| 606 | 0 | @a日语@x硕士生入学考试@j题解 |
| 690 | @aH360.421-44@v5 | |
| 690 | @aH360.421@v4 | |
| 711 | 02 | @a圣才考研网@Asheng cai kao yan wang@4主编 |
| 801 | 2 | @aCN@b辽宁北配@c20231205 |
| 905 | @aZUCC@dH360.421@e2=8 | |
| 全国名校外国语学院二外日语考研真题详解/圣才考研网主编.-8版.-北京:中国石化出版社,2019 |
| 240页;26cm |
| 考研专业课辅导系列 |
| ISBN 978-7-5114-5139-2:CNY 68.00 |
| 本书是详解全国名校外国语专业考研科目“二外日语”历年真题的复习资料。全书根据众多院校“二外日语”试题的结构和难易程度,从全国14所院校“二外日语”历年试题中挑选了28套历年试题,并提供了详细的参考答案及解析。 |
| ● |
| 相关链接 |
|
|
|
正题名:全国名校外国语学院二外日语考研真题详解
索取号:H360.421/2=8
 
预约/预借
| 序号 | 登录号 | 条形码 | 馆藏地/架位号 | 状态 | 备注 |
| 1 | 2001518515 | 2001518515 | 第四书库/131/ [索取号:H360.421/2=8] | 在馆 | |
| 2 | 2001518516 | 2001518516 | 第四书库/131/ [索取号:H360.421/2=8] | 在馆 | |
| 3 | 2001518517 | 2001518517 | 第四书库/131/ [索取号:H360.421/2=8] | 在馆 | |
| 4 | 2001518518 | 2001518518 | 第四书库/131/ [索取号:H360.421/2=8] | 在馆 | |
| 5 | 2001518519 | 2001518519 | 第四书库/131/ [索取号:H360.421/2=8] | 在馆 | |
| 6 | 2001518520 | 2001518520 | 第四书库/131/ [索取号:H360.421/2=8] | 在馆 | |
| 7 | 2001518521 | 2001518521 | 第四书库/131/ [索取号:H360.421/2=8] | 在馆 | |
| 8 | 2001518522 | 2001518522 | 第四书库/131/ [索取号:H360.421/2=8] | 在馆 | |
| 9 | 2001518523 | 2001518523 | 第四书库/131/ [索取号:H360.421/2=8] | 在馆 | |
| 10 | 2001518524 | 2001518524 | 第四书库/131/ [索取号:H360.421/2=8] | 在馆 | |
| 11 | 2001518525 | 2001518525 | 第四书库/131/ [索取号:H360.421/2=8] | 在馆 | |
| 12 | 2001518526 | 2001518526 | 第四书库/131/ [索取号:H360.421/2=8] | 在馆 | |
| 13 | 2001518527 | 2001518527 | 第四书库/131/ [索取号:H360.421/2=8] | 在馆 | |
| 14 | 2001518528 | 2001518528 | 第四书库/131/ [索取号:H360.421/2=8] | 在馆 | |
| 15 | 2001518529 | 2001518529 | 第四书库/131/ [索取号:H360.421/2=8] | 在馆 | |
| 16 | 2001518530 | 2001518530 | 第四书库/131/ [索取号:H360.421/2=8] | 在馆 | |
| 17 | 2001518531 | 2001518531 | 第四书库/131/ [索取号:H360.421/2=8] | 在馆 | |
| 18 | 2001518532 | 2001518532 | 第四书库/131/ [索取号:H360.421/2=8] | 在馆 | |
| 19 | 2001518533 | 2001518533 | 第四书库/131/ [索取号:H360.421/2=8] | 在馆 | |
| 20 | 2001518534 | 2001518534 | 第四书库/131/ [索取号:H360.421/2=8] | 在馆 | |
| 21 | 2001518535 | 2001518535 | 第四书库/131/ [索取号:H360.421/2=8] | 在馆 | |
| 22 | 2001518536 | 2001518536 | 第四书库/131/ [索取号:H360.421/2=8] | 在馆 | |
| 23 | 2001518537 | 2001518537 | 第四书库/131/ [索取号:H360.421/2=8] | 在馆 | |
| 24 | 2001518538 | 2001518538 | 第四书库/131/ [索取号:H360.421/2=8] | 在馆 | |
| 25 | 2001518539 | 2001518539 | 第四书库/131/ [索取号:H360.421/2=8] | 在馆 | |
| 26 | 2001518540 | 2001518540 | 第四书库/131/ [索取号:H360.421/2=8] | 在馆 | |
| 27 | 2001518541 | 2001518541 | 第四书库/131/ [索取号:H360.421/2=8] | 在馆 | |
| 28 | 2001518542 | 2001518542 | 第四书库/131/ [索取号:H360.421/2=8] | 在馆 | |
| 29 | 2001518543 | 2001518543 | 第四书库/131/ [索取号:H360.421/2=8] | 在馆 |